| 000 | 00702nam a2200229 u 4500 | ||
|---|---|---|---|
| 005 | 20240910063917.0 | ||
| 008 | 160902s2013 ag r 000 0 spa d | ||
| 020 | _a9788415295297 | ||
| 035 | _aUPN01000212779 | ||
| 049 | _aCG | ||
| 050 | 4 |
_aBF295 _bS2.4 |
|
| 100 | 1 |
_aSánchez Blanco, Concepción _933597 |
|
| 245 | 1 | 0 |
_aInfancias nómadas : _beducando el derecho a la movilidad / _cConcepción Sánchez Blanco. |
| 260 |
_aBuenos Aires : _bMiño y Dávila, _c2013. |
||
| 300 | _a221 p. | ||
| 440 | 0 | _aNuevos enfoques en educación | |
| 650 | 4 |
_aAprendizaje motor _96627 |
|
| 650 | 2 |
_aDesarrollo motor _95460 |
|
| 650 | 4 |
_aAptitud motora en niños _91415 |
|
| 905 | _aLibro | ||
| 999 |
_c184879 _d184879 |
||